The Office - Insane - Statistics

General Stats
  • This quiz has been taken 2,881 times
  • The average score is 6 of 10
Answer Stats
Hint Answer % Correct
Who won Michael's 5k race for rabies? Toby
90%
What is Erin ( Andy's girlfriend) real name of the show? Kelly
86%
What "male stripper" did Jim hire? Ben Franklin
82%
What does Meridth's son call Dwight? Mr. Poop
69%
What addiction does Kevin have/overcame? Gambling
62%
What is Angela's middle name? Noel
57%
How many acres is Dwight's farm? 60
46%
What uncle was lost at Phylis' wedding? Al
44%
What band does Andy requets at the roller rink? Dave Matthews
42%
What university did Kelly attend for minority executive training? Yale
39%
No matching quizzes found
Score Distribution
Percent of People with Each Score
Percentile by Number Answered
Your Score History
You have not taken this quiz